000 00484nam a2200169 i 4500
001 125936
003 ES-MaACL
005 20230906192726.0
007 t|
008 070214s1906 fr r ||||1| fre d
100 1 _aRegnard, Paul (
_d1850-1927)
_9150831
245 1 0 _aHygiène de la ferme /
_cpar P. Regnard et P. Portier.
260 _aParis :
_bJ. B. Baillière,
_c1906.
300 _aXII, 477 p. :
_bil. ;
_c18 cm.
700 1 _aPortier, P.
_993242
852 _aES-MaACL
_jD-3720
999 _c125936
_d125936